00549nam a2200217Ia 450000500170000000800460001702000180006303700100008104000080009104000080009904000080010704100080011504100080012308400080013110000110013924500860015026000310023626000090026765000150027685600400029120260306164054.0008 260114s9999 xx 000 0 eng d a9781474476867 aEBOOK aCRL beng cCRL 2eng aeng qCRL aBryant 0aArtmaking In The Age Of Global Capitalism: Visual Practices, Philosophy, Politics bEdinburgh University Press c2020 aPhilosophy uhttps://academic.oup.com/book/33915